[Event "BPB Limburg open"]
[Site "Maastricht"]
[Date "2015.05.22"]
[Round "1"]
[White "Bachaus, Sander"]
[Black "Watzlawek, Markus"]
[Result "0-1"]
[WhiteElo "1996"]
[BlackElo "2107"]
[PlyCount "62"]
[EventDate "2015.05.22"]
[EventType "swiss"]
[EventRounds "7"]
[EventCountry "NED"]
[Source "P.Boonen"]
[SourceDate "2015.10.01"]

1. e4 c5 2. Nf3 d6 3. d4 cxd4 4. Nxd4 Nf6 5. Nc3 a6 6. Be2 e6 7. g4 h6 8. h3
Qc7 9. f4 g6 10. Be3 b5 11. a3 Bb7 12. Bf3 Nbd7 13. Nde2 Bg7 14. O-O g5 15. Bg2
gxf4 16. Rxf4 Ne5 17. Bd4 Qe7 18. Qf1 Nfd7 19. Qf2 h5 20. g5 Qxg5 21. Rf1 Qe7
22. Bxe5 Nxe5 23. h4 Rg8 24. Ng3 Rh8 25. Qe2 O-O-O 26. Nxh5 Rdg8 27. Bh3 Bh6+
28. Kh2 Bxf4+ 29. Nxf4 Qxh4 30. Qd2 Qg3+ 31. Kh1 Rxh3+ 0-1

[Event "BPB Limburg open"]
[Site "Maastricht"]
[Date "2015.05.22"]
[Round "1"]
[White "Beerdsen, Thomas"]
[Black "Bauer, Christian"]
[Result "1/2-1/2"]
[WhiteElo "2291"]
[BlackElo "2624"]
[PlyCount "115"]
[EventDate "2015.05.22"]
[EventType "swiss"]
[EventRounds "7"]
[EventCountry "NED"]
[Source "P.Boonen"]
[SourceDate "2015.10.01"]

1. e4 Nc6 2. Nf3 d6 3. d4 Nf6 4. Nc3 g6 5. Be2 Bg7 6. O-O O-O 7. h3 e5 8. Be3
exd4 9. Nxd4 Re8 10. Nxc6 bxc6 11. Bd3 Rb8 12. Rb1 c5 13. Re1 Bd7 14. Qd2 Bc6
15. Bh6 Bh8 16. Bg5 Qc8 17. f3 Nd7 18. Nd1 Ne5 19. Nf2 Qe6 20. b3 Nxd3 21. Nxd3
h5 22. c4 f5 23. Nf4 Qf7 24. Nd5 fxe4 25. fxe4 Bxd5 26. exd5 Bd4+ 27. Kh1 Rxe1+
28. Rxe1 Re8 29. Qd1 Rxe1+ 30. Qxe1 Be5 31. Be3 Qf5 32. Bg1 Kg7 33. Qd1 Qe4 34.
Bh2 Bf6 35. Bg1 Bd4 36. Bh2 g5 37. Bg3 h4 38. Bh2 Kg6 39. Bg1 a5 40. Bh2 Bf6
41. Bg1 Bd4 42. Bh2 g4 43. hxg4 Kg5 44. Bg1 h3 45. Qf3 hxg2+ 46. Qxg2 Qe1 47.
Qh2 Kxg4 48. Qg2+ Kh4 49. Qh2+ Kg5 50. Qg2+ Kf6 51. Qf3+ Ke7 52. Qg4 Bxg1 53.
Qxg1 Qh4+ 54. Kg2 Qe4+ 55. Kf2 Qd4+ 56. Kg2 Qe4+ 57. Kf2 Qd4+ 58. Kg2 1/2-1/2

[Event "BPB Limburg open"]
[Site "Maastricht"]
[Date "2015.05.22"]
[Round "1"]
[White "Bhattacharjee, Sourav"]
[Black "Van Meegen, Ruud"]
[Result "1-0"]
[WhiteElo "2042"]
[BlackElo "2151"]
[PlyCount "103"]
[EventDate "2015.05.22"]
[EventType "swiss"]
[EventRounds "7"]
[EventCountry "NED"]
[Source "P.Boonen"]
[SourceDate "2015.10.01"]

1. c4 c5 2. Nc3 g6 3. Nf3 Bg7 4. g3 Nc6 5. Bg2 b6 6. O-O Bb7 7. b3 Nf6 8. Bb2
O-O 9. e3 d5 10. Nxd5 Nxd5 11. Bxg7 Kxg7 12. cxd5 Qxd5 13. d4 Rad8 14. Nd2 Qd7
15. d5 Ne5 16. e4 f5 17. f3 fxe4 18. fxe4 Ba6 19. Rxf8 Rxf8 20. Qc2 Qd6 21. Qc3
Kg8 22. Nc4 Bxc4 23. bxc4 Ng4 24. Rf1 Rxf1+ 25. Bxf1 Qe5 26. Qxe5 Nxe5 27. Kf2
Kf7 28. Ke3 Kf6 29. h4 h6 30. Be2 g5 31. Bf1 Ng4+ 32. Kd3 Ke5 33. hxg5 hxg5 34.
Bg2 Nf6 35. Ke3 Ng4+ 36. Kf3 Nh6 37. Bf1 Kd4 38. Be2 a6 39. Bf1 Ke5 40. Bh3 Kf6
41. Bc8 a5 42. Be6 Ke5 43. Ke3 Kf6 44. Ke2 Ke5 45. Kd3 Kf6 46. Kc3 Nf7 47. Bxf7
Kxf7 48. e5 Kg6 49. g4 Kf7 50. Kb3 e6 51. d6 Ke8 52. Ka4 1-0

[Event "BPB Limburg open"]
[Site "Maastricht"]
[Date "2015.05.22"]
[Round "1"]
[White "Bok, Benjamin"]
[Black "Warmerdam, Max"]
[Result "1-0"]
[WhiteElo "2554"]
[BlackElo "2278"]
[PlyCount "65"]
[EventDate "2015.05.22"]
[EventType "swiss"]
[EventRounds "7"]
[EventCountry "NED"]
[Source "P.Boonen"]
[SourceDate "2015.10.01"]

1. e4 e5 2. Nf3 Nc6 3. Bb5 a6 4. Ba4 Nf6 5. O-O Be7 6. d3 b5 7. Bb3 d6 8. a3
O-O 9. Nc3 Bg4 10. Be3 Nd4 11. Bxd4 exd4 12. Nd5 c5 13. h3 Be6 14. Nf4 d5 15.
exd5 Bxd5 16. Nxd5 Nxd5 17. Ne5 Bf6 18. Qh5 c4 19. dxc4 Nf4 20. Qf5 Qc7 21.
Rfe1 bxc4 22. Nxc4 d3 23. cxd3 Rab8 24. Ba4 Rbd8 25. Ne5 Rd4 26. b4 Qc3 27. Nd7
Nxd3 28. Nxf8 Nxe1 29. Qxh7+ Kxf8 30. Qh8+ Ke7 31. Qe8+ Kd6 32. Rxe1 Qc7 33.
Qf8+ 1-0

[Event "BPB Limburg open"]
[Site "Maastricht"]
[Date "2015.05.22"]
[Round "1"]
[White "Boons, Patrick"]
[Black "Coenen, Eduard"]
[Result "0-1"]
[WhiteElo "2024"]
[BlackElo "2129"]
[PlyCount "54"]
[EventDate "2015.05.22"]
[EventType "swiss"]
[EventRounds "7"]
[EventCountry "NED"]
[Source "P.Boonen"]
[SourceDate "2015.10.01"]

1. e4 g6 2. Nc3 Bg7 3. g3 c5 4. Bg2 Nc6 5. d3 d6 6. f4 Rb8 7. Nf3 b5 8. O-O b4
9. Ne2 a5 10. Rb1 Nf6 11. h3 O-O 12. g4 h5 13. g5 Ne8 14. Ng3 d5 15. Be3 Nd4
16. Nh4 dxe4 17. Nxe4 Nd6 18. Kh1 Bb7 19. Bxd4 cxd4 20. f5 Nxe4 21. dxe4 Qd6
22. Qd2 Qg3 23. Qf4 Be5 24. Qxg3 Bxg3 25. Nf3 Rfd8 26. Nd2 Rbc8 27. Rbc1 Ba6
0-1

[Event "BPB Limburg open"]
[Site "Maastricht"]
[Date "2015.05.22"]
[Round "1"]
[White "Burg, Brent"]
[Black "Haast, Anne"]
[Result "0-1"]
[WhiteElo "2214"]
[BlackElo "2352"]
[PlyCount "64"]
[EventDate "2015.05.22"]
[EventType "swiss"]
[EventRounds "7"]
[EventCountry "NED"]
[Source "P.Boonen"]
[SourceDate "2015.10.01"]

1. c4 e5 2. g3 Nf6 3. Bg2 d5 4. cxd5 Nxd5 5. Nc3 Nb6 6. Nf3 Nc6 7. O-O Be7 8.
a3 O-O 9. b4 Be6 10. d3 f6 11. Bb2 a5 12. b5 Nd4 13. Nxd4 exd4 14. Na4 Bd5 15.
Nxb6 cxb6 16. Qa4 Bc5 17. Rac1 Re8 18. Rfe1 Bxg2 19. Kxg2 Re7 20. Rc4 Qd5+ 21.
Kg1 Rae8 22. Qc2 h5 23. f3 Re3 24. Kf2 Qd7 25. Rxd4 Qh3 26. Kg1 h4 27. Qc4+
R8e6 28. g4 Kh7 29. Qd5 Rxe2 30. Rxe2 Rxe2 31. Qh5+ Kg8 32. Qd5+ Kf8 0-1

[Event "BPB Limburg open"]
[Site "Maastricht"]
[Date "2015.05.22"]
[Round "1"]
[White "Burg, Twan"]
[Black "Ypma, Peter"]
[Result "1-0"]
[WhiteElo "2507"]
[BlackElo "2260"]
[PlyCount "59"]
[EventDate "2015.05.22"]
[EventType "swiss"]
[EventRounds "7"]
[EventCountry "NED"]
[Source "P.Boonen"]
[SourceDate "2015.10.01"]

1. e4 c5 2. Nf3 g6 3. c3 d5 4. e5 Nc6 5. d4 Bg4 6. Bb5 Qb6 7. Bxc6+ bxc6 8.
dxc5 Qxc5 9. O-O Bg7 10. Re1 Qb6 11. Nbd2 h5 12. h3 Bc8 13. Qc2 Bf5 14. Qa4 Bd7
15. Nb3 c5 16. Qa3 c4 17. Nc5 e6 18. Nxd7 Kxd7 19. Nd4 Ne7 20. Bg5 Bf8 21. b3
Nc6 22. Qa4 cxb3 23. Rab1 Bc5 24. Rxb3 Bxd4 25. cxd4 Qc7 26. Rc1 Rhc8 27. Qa3
Rcb8 28. Rxc6 Qxc6 29. Qe7+ Kc8 30. Qd8# 1-0

[Event "BPB Limburg open"]
[Site "Maastricht"]
[Date "2015.05.22"]
[Round "1"]
[White "Bus, Tom"]
[Black "Boons, Bert"]
[Result "1-0"]
[WhiteElo "2111"]
[BlackElo "2000"]
[PlyCount "137"]
[EventDate "2015.05.22"]
[EventType "swiss"]
[EventRounds "7"]
[EventCountry "NED"]
[Source "P.Boonen"]
[SourceDate "2015.10.01"]

1. c4 Nf6 2. g3 g6 3. Bg2 Bg7 4. Nc3 c6 5. e4 e5 6. Nge2 O-O 7. O-O Na6 8. d4
d6 9. h3 Rb8 10. Be3 exd4 11. Nxd4 Nc5 12. e5 Ne8 13. exd6 Ne6 14. Nxe6 Bxe6
15. d7 Qxd7 16. Qxd7 Bxd7 17. Bxa7 Ra8 18. Bc5 Be6 19. Bxf8 Kxf8 20. c5 Bd4 21.
Rfd1 Bxc5 22. a3 Be7 23. Rac1 Nd6 24. Rd4 Nf5 25. Ra4 Rb8 26. Ne4 b6 27. g4 Bb3
28. Ra7 Nd4 29. Re1 Be6 30. Nc3 Bc5 31. Ne4 Be7 32. Nc3 Bc5 33. b4 Be7 34. Rd1
Bf6 35. Ne4 Nb5 36. Ra6 Nc7 37. Ra7 Nb5 38. Ra6 Nc7 39. Nxf6 Nxa6 40. Bxc6 Kg7
41. Ne4 b5 42. Nd6 Nc7 43. Kh2 Rb6 44. Ne8+ Nxe8 45. Bxe8 Kf6 46. Rc1 Bc4 47.
a4 Ke7 48. Bxb5 Bxb5 49. axb5 Rxb5 50. Rc4 Kd6 51. Kg3 f6 52. Kf3 Kd5 53. Rf4
Rb6 54. Ke3 Ra6 55. Rd4+ Kc6 56. Kf4 h6 57. h4 Kb5 58. h5 gxh5 59. gxh5 Ra2 60.
Kg3 Ra1 61. Kg2 Re1 62. Rf4 Re5 63. Rxf6 Rxh5 64. Rf4 Rg5+ 65. Kh3 Ka4 66. Kh4
Rb5 67. Rf6 h5 68. f4 Kxb4 69. f5 1-0

[Event "BPB Limburg open"]
[Site "Maastricht"]
[Date "2015.05.22"]
[Round "1"]
[White "Clemens, Adrian HP"]
[Black "Scholzen, Wolfgang"]
[Result "1-0"]
[WhiteElo "2172"]
[BlackElo "2085"]
[PlyCount "73"]
[EventDate "2015.05.22"]
[EventType "swiss"]
[EventRounds "7"]
[EventCountry "NED"]
[Source "P.Boonen"]
[SourceDate "2015.10.01"]

1. d4 Nf6 2. c4 g6 3. Nc3 Bg7 4. e4 d6 5. f3 O-O 6. Be3 e5 7. Nge2 exd4 8. Nxd4
Nc6 9. Nxc6 bxc6 10. Be2 Be6 11. O-O Qc8 12. Qd2 Qb7 13. Rfd1 Rfd8 14. Rac1 d5
15. Na4 Rab8 16. exd5 cxd5 17. b3 c6 18. cxd5 Bxd5 19. Bd4 Re8 20. Bf1 h5 21.
Qf2 Bh6 22. Rc3 Qe7 23. Rcd3 Bg7 24. Nc3 Be6 25. Re1 Qc7 26. Rdd1 Qa5 27. Qh4
g5 28. Qf2 c5 29. Be5 Bf5 30. Nb5 Bg6 31. Bc3 Qb6 32. Rd6 Qb7 33. Bxf6 a6 34.
Bxg7 Kxg7 35. Nc3 Qb4 36. Rxe8 Rxe8 37. Nd5 1-0

[Event "BPB Limburg open"]
[Site "Maastricht"]
[Date "2015.05.22"]
[Round "1"]
[White "Commercon, Simon"]
[Black "Vuilleumier, Alexandre"]
[Result "1-0"]
[WhiteElo "2216"]
[BlackElo "2356"]
[PlyCount "79"]
[EventDate "2015.05.22"]
[EventType "swiss"]
[EventRounds "7"]
[EventCountry "NED"]
[Source "P.Boonen"]
[SourceDate "2015.10.01"]

1. d4 Nf6 2. Nf3 e6 3. g3 b5 4. Bg2 Bb7 5. O-O c5 6. a4 b4 7. c4 Be7 8. d5 exd5
9. Nh4 O-O 10. cxd5 d6 11. e4 Re8 12. Re1 Bf8 13. b3 a5 14. Nd2 Nbd7 15. Bb2
Ba6 16. Nf5 Ne5 17. Bxe5 Rxe5 18. Ne3 Re8 19. Nec4 Ra7 20. e5 dxe5 21. Rxe5 Rd7
22. Rxe8 Qxe8 23. Ne3 g6 24. Ndc4 Bg7 25. Nxa5 Ne4 26. Bxe4 Bxa1 27. Bd3 Bxd3
28. Qxd3 Bd4 29. Nac4 f5 30. Nb6 Rd6 31. Nec4 Rd8 32. Kf1 Qf7 33. Qf3 Kg7 34.
d6 Qe6 35. Qb7+ Kh6 36. Qe7 Re8 37. Qxe6 Rxe6 38. d7 Bf6 39. a5 Bd8 40. a6 1-0

[Event "BPB Limburg open"]
[Site "Maastricht"]
[Date "2015.05.22"]
[Round "1"]
[White "De Jong, Jan Willem"]
[Black "Beeke, Bobby"]
[Result "1/2-1/2"]
[WhiteElo "2457"]
[BlackElo "2250"]
[PlyCount "47"]
[EventDate "2015.05.22"]
[EventType "swiss"]
[EventRounds "7"]
[EventCountry "NED"]
[Source "P.Boonen"]
[SourceDate "2015.10.01"]

1. d4 d5 2. c4 e6 3. Nc3 Be7 4. cxd5 exd5 5. Bf4 c6 6. e3 Bd6 7. Bxd6 Qxd6 8.
Bd3 Ne7 9. Qc2 g6 10. Nf3 Bf5 11. O-O Nd7 12. b4 O-O 13. b5 Rfc8 14. Bxf5 Nxf5
15. Qd3 Nb6 16. e4 Ng7 17. Rfe1 Qa3 18. Ne5 dxe4 19. Nxe4 Qxd3 20. Nf6+ Kf8 21.
Nxh7+ Kg8 22. Nf6+ Kf8 23. Nxd3 Nf5 24. bxc6 1/2-1/2

[Event "BPB Limburg open"]
[Site "Maastricht"]
[Date "2015.05.22"]
[Round "1"]
[White "Decoster, Frederic"]
[Black "Fedorchuk, Sergey A"]
[Result "1-0"]
[WhiteElo "2303"]
[BlackElo "2657"]
[PlyCount "89"]
[EventDate "2015.05.22"]
[EventType "swiss"]
[EventRounds "7"]
[EventCountry "NED"]
[Source "P.Boonen"]
[SourceDate "2015.10.01"]

1. e4 c5 2. Nf3 e6 3. d4 cxd4 4. Nxd4 a6 5. Nc3 Qc7 6. Bd3 Nf6 7. f4 d6 8. Qf3
Nbd7 9. g4 Nc5 10. g5 Nxd3+ 11. cxd3 Nd7 12. Bd2 Qb6 13. Nb3 Nc5 14. Nxc5 dxc5
15. f5 Bd7 16. O-O-O Bd6 17. Bf4 O-O-O 18. f6 g6 19. h4 e5 20. Be3 Be6 21. h5
Rhe8 22. hxg6 hxg6 23. Kc2 Qc6 24. Rh7 Bc7 25. b3 b5 26. Kb2 Kb7 27. Nd5 Rxd5
28. exd5 Bxd5 29. Qf2 e4 30. Bxc5 Be5+ 31. Bd4 e3 32. Qxe3 Bxd4+ 33. Qxd4 Re2+
34. Ka1 Be6 35. Rdh1 Qc2 36. Rxf7+ Kc6 37. Rc7+ Kxc7 38. Qa7+ Kd6 39. Qb8+ Qc7
40. Qxc7+ Kxc7 41. Rh6 a5 42. Rxg6 a4 43. f7 a3 44. Rxe6 Rxe6 45. Kb1 1-0

[Event "BPB Limburg open"]
[Site "Maastricht"]
[Date "2015.05.22"]
[Round "1"]
[White "Driessens, Patrick"]
[Black "Dragun, Kamil"]
[Result "1/2-1/2"]
[WhiteElo "2278"]
[BlackElo "2580"]
[PlyCount "96"]
[EventDate "2015.05.22"]
[EventType "swiss"]
[EventRounds "7"]
[EventCountry "NED"]
[Source "P.Boonen"]
[SourceDate "2015.10.01"]

1. d4 Nf6 2. c4 e6 3. Nf3 d5 4. e3 b6 5. Bd3 Bb7 6. O-O Bd6 7. b3 O-O 8. Bb2
dxc4 9. Bxc4 Nbd7 10. Qe2 Ne4 11. Nc3 Ndf6 12. Ba6 Qc8 13. Bxb7 Qxb7 14. Rac1
a5 15. a3 Nxc3 16. Rxc3 Ne4 17. Rcc1 Qd5 18. Qc2 f5 19. Qc4 f4 20. Qxd5 exd5
21. exf4 Rxf4 22. Rc2 Raf8 23. Ne1 Ng5 24. Bc1 R4f5 25. Nd3 Ne6 26. Bb2 Rh5 27.
g3 Rf3 28. Rd1 Ng5 29. Kg2 Rf6 30. f4 Ne4 31. Nf2 Nxf2 32. Rxf2 g5 33. f5 g4
34. Rdf1 Rfh6 35. Rh1 Rh3 36. Bc1 R6h5 37. Bf4 Rxf5 38. Bxd6 Rxf2+ 39. Kxf2
cxd6 40. Ke3 Rh6 41. Kf4 Re6 42. Kxg4 Re3 43. Rb1 Rd3 44. Kf5 Kf7 45. a4 Rf3+
46. Kg5 Rd3 47. Kf5 Rf3+ 48. Kg5 Rd3 1/2-1/2

[Event "BPB Limburg open"]
[Site "Maastricht"]
[Date "2015.05.22"]
[Round "1"]
[White "Geurink, Jasper"]
[Black "Goossens, Hanne"]
[Result "1-0"]
[WhiteElo "2354"]
[BlackElo "2215"]
[PlyCount "113"]
[EventDate "2015.05.22"]
[EventType "swiss"]
[EventRounds "7"]
[EventCountry "NED"]
[Source "P.Boonen"]
[SourceDate "2015.10.01"]

1. e4 c5 2. Nf3 d6 3. Bb5+ Nc6 4. Bxc6+ bxc6 5. O-O e5 6. c3 f5 7. exf5 Bxf5 8.
d4 cxd4 9. cxd4 e4 10. Qc2 Nf6 11. Bg5 Be7 12. Bxf6 Bxf6 13. Qxc6+ Kf8 14. Qd5
exf3 15. Qxf5 fxg2 16. Rd1 Rb8 17. Nc3 g6 18. Qf3 Kg7 19. Rd2 Rf8 20. Qxg2 Bh4
21. Rad1 Rf5 22. Ne4 d5 23. Ng3 Rf7 24. Re2 Qa5 25. b3 Rbf8 26. Rf1 Kh8 27. a4
Rf4 28. Rd1 Bf6 29. Red2 Bg7 30. Nf1 Qd8 31. Rd3 Qh4 32. f3 Bxd4+ 33. Kh1 Bb6
34. Qb2+ Kg8 35. Kg2 Rxf3 36. Rxf3 Rxf3 37. Kxf3 Qh5+ 38. Kg2 Qxd1 39. Ng3 Bd4
40. Qa2 Qg1+ 41. Kh3 Qd1 42. b4 Bf6 43. Kg2 h5 44. h3 h4 45. Ne4 Be5 46. Nf2
Qd4 47. Qe2 Bg7 48. b5 Kh7 49. a5 Qb4 50. a6 Qc5 51. Qd3 d4 52. Ne4 Qf5 53. Kg1
Qf4 54. Nf2 Qd6 55. Kf1 Qf4 56. Ke2 Qe5+ 57. Ne4 1-0

[Event "BPB Limburg open"]
[Site "Maastricht"]
[Date "2015.05.22"]
[Round "1"]
[White "Gramb, Marius"]
[Black "Hulshof, Peter"]
[Result "0-1"]
[WhiteElo "2045"]
[BlackElo "2154"]
[PlyCount "68"]
[EventDate "2015.05.22"]
[EventType "swiss"]
[EventRounds "7"]
[EventCountry "NED"]
[Source "P.Boonen"]
[SourceDate "2015.10.01"]

1. d4 g6 2. c4 Bg7 3. Nc3 d6 4. e4 e5 5. d5 f5 6. Bd3 Nf6 7. Bg5 O-O 8. Qd2 Na6
9. f3 Qe8 10. Bc2 Nh5 11. O-O-O Bd7 12. a3 b5 13. cxb5 Bxb5 14. Nxb5 Qxb5 15.
Ne2 Rab8 16. Bd3 Qb7 17. Bxa6 Qxa6 18. Nc3 Qb7 19. Be3 Nf6 20. Rhf1 fxe4 21.
fxe4 Ng4 22. Rxf8+ Bxf8 23. b4 Qa6 24. Kb2 Nxh2 25. b5 Qa5 26. Qe2 h5 27. Bg5
a6 28. g3 Ng4 29. Rf1 Bg7 30. a4 axb5 31. axb5 Qb4+ 32. Kc2 Qc5 33. Rf3 Ra8 34.
Rf1 Ra2+ 0-1

[Event "BPB Limburg open"]
[Site "Maastricht"]
[Date "2015.05.22"]
[Round "1"]
[White "Gutkind, Kedem"]
[Black "Zimmermann, Luc"]
[Result "1/2-1/2"]
[WhiteElo "2005"]
[BlackElo "2113"]
[PlyCount "99"]
[EventDate "2015.05.22"]
[EventType "swiss"]
[EventRounds "7"]
[EventCountry "NED"]
[Source "P.Boonen"]
[SourceDate "2015.10.01"]

1. e4 e6 2. d3 c5 3. Nf3 Nc6 4. g3 g6 5. Bg2 Bg7 6. O-O Nge7 7. c3 O-O 8. Qc2
d5 9. Nbd2 Bd7 10. Nb3 b6 11. Be3 e5 12. exd5 Nxd5 13. Bg5 Qc7 14. Rae1 h6 15.
Bc1 Bf5 16. Nh4 Be6 17. f4 Qd7 18. f5 gxf5 19. Bxd5 Qxd5 20. Nxf5 Bxf5 21. Rxf5
Rad8 22. Rh5 Qxd3 23. Qxd3 Rxd3 24. Bxh6 Bxh6 25. Rxh6 f6 26. Rh4 Kg7 27. Kf2
Rfd8 28. Rg4+ Kf7 29. Rge4 f5 30. R4e2 Kf6 31. Na1 b5 32. Nc2 b4 33. cxb4 cxb4
34. Re3 R3d5 35. Rb3 Rd2+ 36. Re2 Rxc2 37. Rxc2 Nd4 38. Rd2 Rh8 39. Rxd4 exd4
40. Rxb4 Rxh2+ 41. Kf3 Rd2 42. a4 Rd3+ 43. Kf4 Rd1 44. Kf3 Kg5 45. Ke2 Rg1 46.
Kf2 Rb1 47. Rxd4 Rxb2+ 48. Kf3 Rb3+ 49. Kf2 Ra3 50. Rc4 1/2-1/2

[Event "BPB Limburg open"]
[Site "Maastricht"]
[Date "2015.05.22"]
[Round "1"]
[White "Harff, Wilfried"]
[Black "Kampman, Tijmen"]
[Result "0-1"]
[WhiteElo "2163"]
[BlackElo "2076"]
[PlyCount "134"]
[EventDate "2015.05.22"]
[EventType "swiss"]
[EventRounds "7"]
[EventCountry "NED"]
[Source "P.Boonen"]
[SourceDate "2015.10.01"]

1. e4 e6 2. Qe2 g6 3. d4 Bg7 4. Nf3 b6 5. c4 Ne7 6. Nc3 O-O 7. Bf4 d5 8. O-O-O
Ba6 9. exd5 Nxd5 10. Qe4 Nxc3 11. bxc3 Nd7 12. Qc6 Qe7 13. Kb2 e5 14. Bg5 Qe8
15. Be3 Qc8 16. Be2 Bb7 17. Qa4 c5 18. d5 a6 19. Qb3 h6 20. g4 b5 21. cxb5 axb5
22. Bxb5 Nb6 23. Rhg1 c4 24. Qb4 Nxd5 25. Qc5 Nxe3 26. Qxe3 Bxf3 27. Qxf3 Qc5
28. a4 e4 29. Qxe4 Qb4+ 30. Kc1 Qxc3+ 31. Qc2 Qa3+ 32. Kd2 c3+ 33. Ke2 Rad8 34.
Rxd8 Rxd8 35. Rd1 Rxd1 36. Kxd1 Qd6+ 37. Ke2 Qe5+ 38. Kf1 Qxh2 39. Qe4 Qd6 40.
Bd3 Bd4 41. Kg2 Qc5 42. Qe2 Qc6+ 43. Qf3 Qxa4 44. Qd5 Kg7 45. Qe4 Qa7 46. Qf4
Bf6 47. Bc2 Qb7+ 48. Qe4 Qxe4+ 49. Bxe4 h5 50. f4 Bd4 51. g5 Be3 52. Kf3 Bd2
53. Bc2 f6 54. gxf6+ Kxf6 55. Bd3 h4 56. Kg4 h3 57. Kxh3 Bxf4 58. Kg4 g5 59.
Kf3 Ke5 60. Bg6 Kd4 61. Ke2 Kc4 62. Bf7+ Kd4 63. Bg6 g4 64. Bc2 Kc4 65. Bd1 g3
66. Bc2 Be5 67. Be4 Kb3 0-1

[Event "BPB Limburg open"]
[Site "Maastricht"]
[Date "2015.05.22"]
[Round "1"]
[White "Heinert, Eugen"]
[Black "Coenen, Siegfried"]
[Result "1-0"]
[WhiteElo "2154"]
[BlackElo "2054"]
[PlyCount "85"]
[EventDate "2015.05.22"]
[EventType "swiss"]
[EventRounds "7"]
[EventCountry "NED"]
[Source "P.Boonen"]
[SourceDate "2015.10.01"]

1. d4 Nf6 2. c4 e6 3. Nf3 b6 4. a3 Bb7 5. Nc3 Be7 6. d5 O-O 7. g3 exd5 8. cxd5
d6 9. Bg2 Nbd7 10. O-O c6 11. dxc6 Bxc6 12. Bf4 Nc5 13. Rc1 Ne6 14. Be3 Qd7 15.
b4 Ng4 16. Bd4 Bf6 17. Bxf6 gxf6 18. h3 Ne5 19. Nd5 Bxd5 20. Qxd5 Rad8 21. Nh4
Nc7 22. Qb7 Ne6 23. Qd5 Nc7 24. Qd2 Ng6 25. Nf3 Ne6 26. Rfd1 Kg7 27. Rc3 Qb5
28. Rd3 Ne5 29. Rd5 Qa6 30. Nh4 Rg8 31. Qb2 Kf8 32. f4 Nc4 33. Qxf6 Rxg3 34.
Nf5 Rg6 35. Qh8+ Rg8 36. Qf6 Qb7 37. e4 Qc7 38. Kh1 Nxf4 39. Qh6+ Ke8 40. Qxf4
Rg6 41. e5 Qc6 42. exd6 Kf8 43. Ne7 1-0

[Event "BPB Limburg open"]
[Site "Maastricht"]
[Date "2015.05.22"]
[Round "1"]
[White "Henrichs, Thomas"]
[Black "Doggers, Peter"]
[Result "1-0"]
[WhiteElo "2471"]
[BlackElo "2253"]
[PlyCount "69"]
[EventDate "2015.05.22"]
[EventType "swiss"]
[EventRounds "7"]
[EventCountry "NED"]
[Source "P.Boonen"]
[SourceDate "2015.10.01"]

1. Nf3 Nf6 2. c4 g6 3. Nc3 Bg7 4. e4 d6 5. d4 O-O 6. Be2 e5 7. dxe5 dxe5 8.
Qxd8 Rxd8 9. Bg5 Re8 10. Nd5 Nxd5 11. cxd5 c6 12. O-O cxd5 13. exd5 Nd7 14.
Rac1 e4 15. Nd2 Bxb2 16. Rc2 Bf6 17. h4 Kg7 18. Nc4 h6 19. Bf4 Nb6 20. Nxb6
axb6 21. Bc7 Bd7 22. Bxb6 Be5 23. Rb1 e3 24. g4 exf2+ 25. Kxf2 Ra4 26. Be3 Bxg4
27. Rc4 Rxc4 28. Bxc4 Bc8 29. Rb6 Bg3+ 30. Kf3 Be5 31. h5 gxh5 32. Bxh6+ Kg8
33. Bg5 Bg4+ 34. Kg2 Bc8 35. Bb5 1-0

[Event "BPB Limburg open"]
[Site "Maastricht"]
[Date "2015.05.22"]
[Round "1"]
[White "Ismail, Tamer"]
[Black "Schroer, Marcel"]
[Result "1/2-1/2"]
[WhiteElo "2093"]
[BlackElo "2186"]
[PlyCount "80"]
[EventDate "2015.05.22"]
[EventType "swiss"]
[EventRounds "7"]
[EventCountry "NED"]
[Source "P.Boonen"]
[SourceDate "2015.10.01"]

1. e4 d6 2. d4 Nf6 3. f3 g6 4. Be3 Bg7 5. Qd2 O-O 6. c4 c5 7. Ne2 Nc6 8. Nbc3
Qa5 9. g3 cxd4 10. Nxd4 Nxd4 11. Bxd4 Bd7 12. Bg2 Rac8 13. b3 a6 14. Nd5 Qxd2+
15. Kxd2 Nxd5 16. Bxg7 Kxg7 17. cxd5 f5 18. f4 fxe4 19. Bxe4 Rc7 20. Rac1 Rfc8
21. Rxc7 Rxc7 22. Rc1 Rxc1 23. Kxc1 Kf6 24. Kd2 h6 25. h4 b6 26. Ke3 Bc8 27.
Kf3 h5 28. Ke3 Bf5 29. Bf3 Bb1 30. a3 Bc2 31. b4 Bf5 32. Kd4 Bc8 33. Be4 Bb7
34. Bd3 Bc8 35. Be4 Bf5 36. Bf3 Kf7 37. Be2 a5 38. Kc4 Bd7 39. Bd3 Kf6 40. Kd4
axb4 1/2-1/2

[Event "BPB Limburg open"]
[Site "Maastricht"]
[Date "2015.05.22"]
[Round "1"]
[White "Jacobs, Florian"]
[Black "Tromp, Paul"]
[Result "1/2-1/2"]
[WhiteElo "2177"]
[BlackElo "2087"]
[PlyCount "89"]
[EventDate "2015.05.22"]
[EventType "swiss"]
[EventRounds "7"]
[EventCountry "NED"]
[Source "P.Boonen"]
[SourceDate "2015.10.01"]

1. d4 Nf6 2. c4 g6 3. f3 d5 4. cxd5 Nxd5 5. e4 Nb6 6. Nc3 Bg7 7. Be3 O-O 8. Qd2
e5 9. d5 c6 10. O-O-O cxd5 11. exd5 N8d7 12. h4 Nf6 13. g4 h5 14. Bg5 Qc7 15.
d6 Qc5 16. Be3 Qa5 17. gxh5 Nxh5 18. Bxb6 Qxb6 19. d7 Bxd7 20. Qxd7 Ng3 21. Rh3
Qxg1 22. Bc4 Qc5 23. Qg4 Nh5 24. Bb3 Nf4 25. h5 Ne2+ 26. Kb1 Nxc3+ 27. bxc3
Qxc3 28. hxg6 Rfd8 29. gxf7+ Kf8 30. Rxd8+ Rxd8 31. Rh8+ Bxh8 32. Qg8+ Ke7 33.
Qxd8+ Kxd8 34. f8=Q+ Kc7 35. Qxh8 Qe1+ 36. Kb2 Qd2+ 37. Bc2 Qb4+ 38. Kc1 Qe1+
39. Kb2 Qb4+ 40. Kc1 Qe1+ 41. Bd1 Qc3+ 42. Kb1 Qb4+ 43. Bb3 Qe1+ 44. Kb2 Qd2+
45. Kb1 1/2-1/2

[Event "BPB Limburg open"]
[Site "Maastricht"]
[Date "2015.05.22"]
[Round "1"]
[White "Jans, Michael"]
[Black "Nachbar, Benjamin"]
[Result "1/2-1/2"]
[WhiteElo "2085"]
[BlackElo "2173"]
[PlyCount "123"]
[EventDate "2015.05.22"]
[EventType "swiss"]
[EventRounds "7"]
[EventCountry "NED"]
[Source "P.Boonen"]
[SourceDate "2015.10.01"]

1. e4 d6 2. Nc3 Nf6 3. f4 d5 4. exd5 Nxd5 5. Qf3 e6 6. Nxd5 Qxd5 7. Qxd5 exd5
8. d4 Bd6 9. Bd3 O-O 10. Nf3 Re8+ 11. Kf2 Nc6 12. c3 Ne7 13. Bd2 Bf5 14. Bxf5
Nxf5 15. Rae1 h5 16. g3 c6 17. Rxe8+ Rxe8 18. Re1 Rxe1 19. Bxe1 f6 20. Bd2 Kf7
21. h3 g5 22. g4 hxg4 23. hxg4 Nh6 24. Kg3 Ke6 25. Nh2 Nf7 26. Kf3 gxf4 27.
Bxf4 Bxf4 28. Kxf4 Nd6 29. Nf3 Nc4 30. b3 Nd6 31. Ke3 Ne4 32. c4 b6 33. a3 Nd6
34. Nd2 Nf7 35. Kf4 dxc4 36. bxc4 Nd6 37. a4 b5 38. axb5 cxb5 39. d5+ Ke7 40.
c5 Ne8 41. Nb3 a6 42. Ke4 Kd7 43. Kf5 Nc7 44. Ke4 Ne8 45. Nd4 Ng7 46. Nc6 Kc7
47. Na5 Kd7 48. Kd4 Ne8 49. Nb7 Kc7 50. Na5 Kd7 51. Nc6 Kc7 52. Ne7 a5 53. Nc6
a4 54. Na7 b4 55. Kc4 b3 56. Nb5+ Kb7 57. Nc3 b2 58. Nb1 Nc7 59. d6 Ne6 60. Kd5
Nf4+ 61. Ke4 Ne6 62. Kd5 1/2-1/2

[Event "BPB Limburg open"]
[Site "Maastricht"]
[Date "2015.05.22"]
[Round "1"]
[White "Kalisvaart, Peter"]
[Black "Van den Berg, Bram"]
[Result "0-1"]
[WhiteElo "2101"]
[BlackElo "2199"]
[PlyCount "66"]
[EventDate "2015.05.22"]
[EventType "swiss"]
[EventRounds "7"]
[EventCountry "NED"]
[Source "P.Boonen"]
[SourceDate "2015.10.01"]

1. b4 e5 2. a3 a5 3. b5 c6 4. c4 d5 5. e3 Nf6 6. Bb2 Bd6 7. Qc2 O-O 8. c5 Be7
9. Bxe5 cxb5 10. Bxb5 Nc6 11. Bxc6 bxc6 12. Ne2 Ne4 13. Bd4 Bf5 14. d3 Ng5 15.
Ng3 Bc8 16. O-O f5 17. Ne2 Ne6 18. Be5 Nxc5 19. d4 Ne4 20. f3 Nd6 21. Qxc6 Bb7
22. Qc1 Ba6 23. Re1 Nc4 24. Bg3 Rc8 25. Nec3 Rf6 26. Bh4 Re6 27. Bxe7 Rxe7 28.
Ra2 Qd6 29. g3 g5 30. Kf2 Rec7 31. Na4 Ne5 32. dxe5 Qh6 33. Qb2 Qxh2# 0-1